[Event "Online Olym Div3 C"]
[Site "Chess.com INT"]
[Date "2021.08.29"]
[Round "8.3"]
[White "Silva, David Miguel Da"]
[Black "Blackburn, Jonathan LB"]
[Result "1-0"]
[WhiteElo "2308"]
[BlackElo "2235"]
[PlyCount "147"]
[EventDate "2021.08.27"]
[EventType "team-tourn (rapid)"]
[EventRounds "9"]
[EventCountry "USA"]
[SourceTitle "CBM 204 Extra"]
[Source "ChessBase"]
[SourceDate "2021.11.30"]
[SourceVersion "1"]
[SourceVersionDate "2021.11.30"]
[SourceQuality "1"]
[WhiteTeam "Angola"]
[BlackTeam "Wales"]
[WhiteTeamCountry "ANG"]
[BlackTeamCountry "WLS"]

1. e4 e6 2. d4 d5 3. Nd2 Nc6 4. Ngf3 Nf6 5. e5 Nd7 6. Bd3 f6 7. exf6 Qxf6 8. Nb3 Bd6 9. Bg5 Qf7 10. Be3 Qh5 11. c4 dxc4 12. Bxc4 Nb6 13. Be2 Qg6 14. 0-0 h6 15. Ne5 Qf6 16. Bh5+ Kf8 17. Ng6+ Kg8 18. Nxh8 Kxh8 19. Qf3 Qxf3 20. Bxf3 Nb4 21. Bd2 N4d5 22. Rac1 Na4 23. Rc2 c6 24. Re1 Bd7 25. Na5 Rb8 26. Nc4 Nb4 27. Rcc1 Bf8 28. Ne5 Be8 29. b3 Nb6 30. a4 N6d5 31. Bg4 Nc7 32. Rc4 Nbd5 33. Bf3 g6 34. Nd3 Kg7 35. Nc5 Kf6 36. Bg4 Bxc5 37. dxc5 h5 38. Bf3 Rd8 39. h4 Kg7 40. Bg5 Rd7 41. Rd1 Bf7 42. Bc1 Kg8 43. Be4 e5 44. Bxd5 Bxd5 45. Bb2 Re7 46. Rc3 Ne6 47. b4 Nf4 48. Re3 Nxg2 49. Rxd5 Nxe3 50. Rd8+ Kf7 51. fxe3 a6 52. e4 Ke6 53. Kg2 Kf7 54. Kg3 Ke6 55. Rd6+ Kf7 56. Bc3 Kg7 57. Bd2 Kf7 58. Bg5 Rc7 59. Rf6+ Kg7 60. Re6 Kf7 61. Rxe5 Rd7 62. Kf4 Rc7 63. Re7+ Rxe7 64. Bxe7 Kxe7 65. Kg5 Kf7 66. e5 Ke6 67. Kxg6 Kxe5 68. Kxh5 Kf5 69. Kh6 Kf6 70. h5 Kf7 71. Kg5 Kg7 72. Kf5 Kh6 73. Ke6 Kxh5 74. Kd7 1-0

[Event "Africa-ch"]
[Site "Lilongwe"]
[Date "2021.05.18"]
[Round "1"]
[White "Mwagomba, Fishan"]
[Black "Silva, David Miguel Da"]
[Result "0-1"]
[WhiteElo "1946"]
[BlackElo "2296"]
[PlyCount "73"]
[EventDate "2021.05.18"]
[EventType "swiss"]
[EventRounds "9"]
[EventCountry "MWI"]
[SourceTitle "CBM 202 Extra"]
[Source "ChessBase"]
[SourceDate "2021.07.31"]
[SourceVersion "1"]
[SourceVersionDate "2021.07.31"]
[SourceQuality "1"]

1. e4 c5 2. d3 Nc6 3. Nf3 g6 4. g3 Bg7 5. Bg2 d6 6. 0-0 e5 7. Nbd2 Nge7 8. c3 h6 9. Re1 0-0 10. Nf1 Be6 11. Be3 f5 12. Qd2 Kh7 13. Qc2 Rc8 14. Rad1 Qd7 15. Qb1 f4 16. Bc1 g5 17. gxf4 exf4 18. d4 cxd4 19. Nxd4 Ne5 20. f3 N7g6 21. Nxe6 Qxe6 22. Qc2 g4 23. Qf2 gxf3 24. Bxf3 Nh4 25. Bh5 Qh3 26. Re2 Ng4 27. Bxg4 Qxg4+ 28. Kh1 f3 29. Red2 Be5 30. Ng3 Rf6 31. Rg1 Rg8 32. Rdd1 Ng2 33. Rd5 Bxg3 34. Qxg3 Qxe4 35. Rd4 Qe2 36. Rg4 f2 37. Qxg2 0-1

[Event "Online Olym Div3 B"]
[Site "Chess.com INT"]
[Date "2020.08.09"]
[Round "8.2"]
[White "Silva, David Miguel Da"]
[Black "Khusenkhojaev, Muhammad"]
[Result "0-1"]
[WhiteElo "2258"]
[BlackElo "2399"]
[PlyCount "124"]
[EventDate "2020.08.07"]
[EventType "team-tourn (rapid)"]
[EventRounds "9"]
[EventCountry "USA"]
[SourceTitle "CBM 198"]
[Source "ChessBase"]
[SourceDate "2020.10.31"]
[SourceVersion "1"]
[SourceVersionDate "2020.10.31"]
[SourceQuality "1"]
[WhiteTeam "Angola"]
[BlackTeam "Tajikistan"]
[WhiteTeamCountry "ANG"]
[BlackTeamCountry "TJK"]

1. e4 e5 2. Nf3 Nc6 3. Bc4 Bc5 4. c3 Nf6 5. d3 a6 6. a4 h6 7. 0-0 0-0 8. Nbd2 d6 9. Re1 Ba7 10. Nf1 Re8 11. a5 Be6 12. Bxe6 Rxe6 13. Be3 d5 14. Bxa7 Rxa7 15. Qb3 d4 16. cxd4 Nxd4 17. Nxd4 Qxd4 18. Rac1 c6 19. Ne3 Qd7 20. Nf5 Ra8 21. Rc5 Rd8 22. Re3 Kh7 23. Qc3 g6 24. Ng3 Qe7 25. h3 Ne8 26. Ne2 Nc7 27. b4 Nb5 28. Qb2 Qd6 29. h4 h5 30. f4 exf4 31. e5 Qe7 32. Nxf4 Red6 33. Re4 Rd4 34. Rxd4 Nxd4 35. Qf2 Ne6 36. Nxe6 Qxe6 37. d4 Kg8 38. Kh2 Qg4 39. Rc4 Rd5 40. Qf6 Qd7 41. Qf4 Qe7 42. Rc5 Rd8 43. Rc4 Qd7 44. Qf6 Re8 45. Qf4 Qe7 46. Rc5 Rd8 47. Rc4 Rd7 48. Kg3 Qe6 49. Rc3 Qd5 50. Rd3 Qc4 51. Qe4 Re7 52. Kf4 Qxb4 53. d5 Qxe4+ 54. Kxe4 cxd5+ 55. Rxd5 Rc7 56. Rd8+ Kg7 57. Rb8 Rc4+ 58. Kd5 Ra4 59. Rxb7 Rxa5+ 60. Kd6 Rb5 61. Ra7 Rb2 62. g3 Rb3 0-1

[Event "Online Olym Div3 B"]
[Site "Chess.com INT"]
[Date "2020.08.07"]
[Round "2.4"]
[White "Gurbanov, Andrei"]
[Black "Silva, David Miguel Da"]
[Result "1-0"]
[WhiteElo "2298"]
[BlackElo "2258"]
[PlyCount "85"]
[EventDate "2020.08.07"]
[EventType "team-tourn (rapid)"]
[EventRounds "9"]
[EventCountry "USA"]
[SourceTitle "CBM 198"]
[Source "ChessBase"]
[SourceDate "2020.10.31"]
[SourceVersion "1"]
[SourceVersionDate "2020.10.31"]
[SourceQuality "1"]
[WhiteTeam "IPCA"]
[BlackTeam "Angola"]
[BlackTeamCountry "ANG"]

1. d4 Nf6 2. c4 g6 3. Nc3 Bg7 4. e4 d6 5. f3 0-0 6. Be3 c5 7. Nge2 Nc6 8. Qd2 b6 9. d5 Ne5 10. Ng3 h5 11. Be2 h4 12. Nf1 Nh5 13. h3 f5 14. f4 Nf7 15. Bxh5 gxh5 16. Qe2 fxe4 17. Qxh5 Nh6 18. Nxe4 Bf5 19. Ng5 b5 20. Nd2 bxc4 21. 0-0 Qe8 22. Qxh4 Qg6 23. g4 Rab8 24. Nxc4 Bd3 25. Rfc1 Bxc4 26. Rxc4 Qd3 27. Re4 Rxb2 28. Rf1 Rb1 29. Rxb1 Qxb1+ 30. Kg2 Qxa2+ 31. Kg3 Qb1 32. Qh5 Qe1+ 33. Bf2 Qc3+ 34. Re3 Qc4 35. Ne6 Rf6 36. Qg5 Rf7 37. Nxg7 Rxg7 38. Qxh6 Qxd5 39. f5 Rf7 40. Re6 Rf6 41. Qg5+ Kf7 42. Qh5+ Kf8 43. Qh8+ 1-0

[Event "Africa-ch Blitz"]
[Site "Casablanca"]
[Date "2019.08.28"]
[Round "6.1"]
[White "Amin, Bassem"]
[Black "Silva, David Miguel Da"]
[Result "1-0"]
[WhiteElo "2658"]
[BlackElo "2392"]
[PlyCount "92"]
[EventDate "2019.08.28"]
[EventType "swiss (blitz)"]
[EventRounds "9"]
[EventCountry "MAR"]
[SourceTitle "EXT 2024"]
[Source "ChessBase"]
[SourceDate "2023.10.10"]
[SourceVersion "1"]
[SourceVersionDate "2023.10.10"]
[SourceQuality "1"]

1. Nf3 Nf6 2. g3 g6 3. Bg2 Bg7 4. 0-0 0-0 5. d3 d6 6. e4 e5 7. c4 c5 8. Nc3 Nc6 9. a3 h6 10. Rb1 Be6 11. b4 Qd7 12. Nd5 Kh7 13. bxc5 dxc5 14. Bb2 Ng8 15. Nd2 Bh3 16. f4 Bxg2 17. Kxg2 Nd4 18. Bxd4 cxd4 19. fxe5 Bxe5 20. Qb3 b6 21. Qb5 Qxb5 22. Rxb5 Bg7 23. g4 Rae8 24. Nb4 Nf6 25. h3 Nd7 26. Rd5 Nc5 27. Rf3 Re6 28. Nc2 Re5 29. Rxd4 f5 30. gxf5 gxf5 31. Rd5 fxe4 32. Rxf8 Rxd5 33. cxd5 Bxf8 34. dxe4 Bg7 35. Kf3 Bb2 36. Nc4 Bc3 37. Nd6 a6 38. Ke3 b5 39. Nf5 a5 40. Nfd4 b4 41. axb4 axb4 42. e5 b3 43. Na3 b2 44. Nb1 Bb4 45. Nc6 Be1 46. e6 Kg6 1-0